| 000 | 00553nam a22001697a 4500 | ||
|---|---|---|---|
| 008 | 140606b xxu||||| |||| 00| 0 eng d | ||
| 020 | _a9780901819529 | ||
| 050 | _aLB1628.B877 | ||
| 100 |
_aBrown, Alan _910672 |
||
| 245 |
_aThe Curriculum _bchristian perspectives |
||
| 260 |
_aLondon _bThe National Society for Promoting Religious education _c1997 |
||
| 300 |
_avi, 49p. ; _c22cm. |
||
| 650 |
_aCurriculum _xSecondary School _910673 |
||
| 650 |
_aCurriculum _xPrimary School _910674 |
||
| 650 |
_aChristian education _910675 |
||
| 942 |
_2lcc _cMONOGRAPH |
||
| 999 |
_c120644 _d120644 |
||